Cykličnosť je základom veľkej výkonnosti baníkov

Bibliographic Details
Main Authors: Brid'ko, Ivan Ivanovič, 1905-1980 (Author), Alkušin, D. (Adapter)
Other Authors: Palovič, Vlado (Translator)
Format: Book
Language:Slovak
Russian
PhysicalDescription:32, [2] s. V. 8°
Published: Bratislava Práca 1951
Series:Banícke príručky Práce
Subjects:

MARC

LEADER 00000cam a2200000 a 4500
001 vtls008365908
003 SK-MaSNL
005 20260302074557.0
008 230403s1951 xo 000 0 slo
015 |a SNBA19451955-001075 
035 |a SK01SNKBKSFS20010058125 
035 |a urn:nbn:sk:snk-am3iivl 
035 |a 65C7EF82-E951-487F-9F18-312CCE2D4533 
035 |a urn:nbn:sk:snk-am00el0o 
035 |a SKM000060588 
040 |a SNK  |b slo  |c SNK  |e AACR2 
041 1 |a slo  |h rus 
044 |a xo  |c SK 
080 |a 622  |2 1981 
100 1 |a Brid'ko, Ivan Ivanovič,  |d 1905-1980  |4 aut  |9 203852 
245 1 0 |a Cykličnosť je základom veľkej výkonnosti baníkov  |c Ivan Bryďko ; [literárne spracoval D. Alkušin ; z ruského originálu preložil V. Palovič] 
260 |a Bratislava  |b Práca  |c 1951  |e Bratislava  |f Práca 
300 |a 32, [2] s.  |c V. 8° 
366 |e 6000 výtl. 
490 1 |a Banícke príručky Práce  |v sv. 2 
500 |a Tlač na zadnom prídoští 
650 0 7 |a baníctvo  |2 SNKPH  |9 3571 
655 7 |a príručky  |2 SNKPH  |9 74364 
700 1 |a Alkušin, D.  |4 adp  |9 740403 
700 1 |a Palovič, Vlado  |4 trl  |9 400009 
830 0 |a Banícke príručky Práce  |9 344585 
852 |a Slovenská národná knižnica 
954 |a odborná, vedecká literatúra cudzojazyčná (svetová)  |2 lita 
958 |a OND 
958 |a RK 
958 |a TL 
958 |a EUIPO 
999 |c 1165580  |d 1167510 
952 |a SNK  |b SNK  |y VYP  |7 0  |p 17A0699187  |o snkSD 7373/2 D1   |i snkKSF 4563/56  |8 5  |0 0  |1 0  |4 0  |d 2011-06-17  |l 0  |r 2026-02-24 20:47:33  |w 2026-02-24 
952 |a SNK  |b SNK  |y PREZ  |7 0  |p 17A0910595  |o snkSD 7373/2  |i snk2653/51  |0 0  |1 0  |4 0  |d 2020-08-20  |f 1  |l 0  |r 2025-11-17 00:00:00  |w 2026-02-24